Warehouse Management (Record no. 3232)

000 -LEADER
fixed length control field 03820nam a22005055i 4500
007 - PHYSICAL DESCRIPTION FIXED FIELD--GENERAL INFORMATION
fixed length control field cr nn 008mamaa
008 - FIXED-LENGTH DATA ELEMENTS--GENERAL INFORMATION
fixed length control field 100301s2007 gw | s |||| 0|eng d
020 ## - INTERNATIONAL STANDARD BOOK NUMBER
International Standard Book Number 9783540352204
-- 978-3-540-35220-4
040 ## - CATALOGING SOURCE
Original cataloging agency IMU Kochi Library
Language of cataloging eng
041 0# - LANGUAGE CODE
Language code of text/sound track or separate title eng
082 04 - DEWEY DECIMAL CLASSIFICATION NUMBER
Classification number 658.5
Edition number 23
100 1# - MAIN ENTRY--PERSONAL NAME
Personal name Hompel, Michael.
245 10 - TITLE STATEMENT
Title Warehouse Management
Medium [electronic resource] :
Sub Title Automation and Organisation of Warehouse and Order Picking Systems /
250 ## - EDITION STATEMENT
Edition statement 1st ed. 2007.
300 ## - PHYSICAL DESCRIPTION
Extent XII, 356 p.
Other physical details online resource.
490 1# - SERIES STATEMENT
Series statement Intralogistik,
505 0# - FORMATTED CONTENTS NOTE
Formatted contents note Management of Warehouse Systems -- Fundamentals of an Operational Optimization -- Warehousing and Conveying Principles -- Automation of the Material Flow -- Automatic Identification -- Information and Communication Technology -- Realization of Warehouse Management Systems -- Structure of a WMS from the Example of myWMS.
520 ## - SUMMARY, ETC.
Summary, etc Modern warehouse and distribution systems constitute highly complex nodes within the value-added supply chain and have to meet a variety of requirements with regard to time, costs and quality. The efficient operation of such systems is a continuous challenge for anyone in charge. Recent developments of advanced computerbased control technologies provide the necessary control and management systems (Warehouse Management Systems, WMS). Nevertheless, due to the high complexity users often find it hard to handle. The design, choice and operation of a WMS requires an extensive know-how and experience because of the large variety of solutions and system requirements. This book gives an overview of possible solutions and helps to make the right choice. It presents the background, potentials but also risks and strategies. It sets the basis for comparisons for all those readers who are responsible for the evaluation and specification of warehouse management systems. Furthermore, it is meant as basic support for students and interested beginners. This book is based on practical knowledge without neglecting the basic context or implying special technical knowledge. Some basic processes and technologies which are required for a better understanding are described in detail. System-developers find some new ideas when problems and limits of current developments are discussed. New approaches with regard to the structure and design of WMS are presented. With the book the customer receives a simple and well documented WMS based on the open-source initiative myWMS. The software can be operated on a common PC independent of the platform and without any obligatory user login data. Thus, the operation, function and benefits of a WMS can be visualized.
650 #0 - SUBJECT ADDED ENTRY--TOPICAL TERM
Topical term or geographic name as entry element Industrial Management.
650 #0 - SUBJECT ADDED ENTRY--TOPICAL TERM
Topical term or geographic name as entry element Production management.
650 #0 - SUBJECT ADDED ENTRY--TOPICAL TERM
Topical term or geographic name as entry element Control engineering.
650 #0 - SUBJECT ADDED ENTRY--TOPICAL TERM
Topical term or geographic name as entry element Robotics.
650 #0 - SUBJECT ADDED ENTRY--TOPICAL TERM
Topical term or geographic name as entry element Automation.
650 #0 - SUBJECT ADDED ENTRY--TOPICAL TERM
Topical term or geographic name as entry element Industrial engineering.
650 #0 - SUBJECT ADDED ENTRY--TOPICAL TERM
Topical term or geographic name as entry element Production engineering.
650 #0 - SUBJECT ADDED ENTRY--TOPICAL TERM
Topical term or geographic name as entry element Computer-aided engineering.
650 14 - SUBJECT ADDED ENTRY--TOPICAL TERM
Topical term or geographic name as entry element Industrial Management.
650 24 - SUBJECT ADDED ENTRY--TOPICAL TERM
Topical term or geographic name as entry element Operations Management.
650 24 - SUBJECT ADDED ENTRY--TOPICAL TERM
Topical term or geographic name as entry element Control, Robotics, Automation.
650 24 - SUBJECT ADDED ENTRY--TOPICAL TERM
Topical term or geographic name as entry element Industrial and Production Engineering.
650 24 - SUBJECT ADDED ENTRY--TOPICAL TERM
Topical term or geographic name as entry element Computer-Aided Engineering (CAD, CAE) and Design.
700 1# - ADDED ENTRY--PERSONAL NAME
Personal name Schmidt, Thorsten.
Relator term
Relator code aut
-- http://id.loc.gov/vocabulary/relators/aut
830 #0 - SERIES ADDED ENTRY--UNIFORM TITLE
Uniform title Intralogistik,
852 ## - LOCATION/CALL NUMBER
Location IMU Kochi Library
856 40 - ELECTRONIC LOCATION AND ACCESS
Uniform Resource Identifier <a href="https://doi.org/10.1007/978-3-540-35220-4">https://doi.org/10.1007/978-3-540-35220-4</a>
904 ## - LOCAL DATA ELEMENT D, LDD (RLIN)
CATALOGER Rudra Ranjan
905 ## - LOCAL DATA ELEMENT E, LDE (RLIN)
VERIFIER Rudra Ranjan
942 ## - ADDED ENTRY ELEMENTS (KOHA)
Item type E-Book
264 #1 -
-- Berlin, Heidelberg :
-- Springer Berlin Heidelberg :
-- Imprint: Springer,
-- 2007.
338 ## -
-- online resource
830 #0 - SERIES ADDED ENTRY--UNIFORM TITLE
-- 2945-7971

No items available.



Copyright © All Rights Reserved by Indian Maritime University, Kochi Campus.
For any Suggestions/Query Contact to library or Email: library.kochi@imu.ac.in Ph:(0484)-2989402
(Web OPAC Designed by Rudra Ranjan. Maintained by IMU Kochi Library)

Powered by Koha